ბათუმის შოთა რუსთაველის სახელმწიფო უნივერსიტეტის ბიბლიოთეკა

ქართველი ებრაელები საქართველოში (ბიბ.ჩანაწერი № 56641)

000 -LEADER
fixed length control field 01091nam a2200241Ia 4500
001 - CONTROL NUMBER
control field 23763
003 - CONTROL NUMBER IDENTIFIER
control field GE_BSU
008 - FIXED-LENGTH DATA ELEMENTS--GENERAL INFORMATION
fixed length control field 181216s||||||||xx |||||||||||||| ||und||
040 ## - CATALOGING SOURCE
Transcribing agency GE_BSU
080 ## - UNIVERSAL DECIMAL CLASSIFICATION NUMBER
Universal Decimal Classification number 94(=411.16)(479.22)
100 ## - MAIN ENTRY--PERSONAL NAME
Personal name ჭიჭინაძე, ზაქარია
245 ## - TITLE STATEMENT
Title ქართველი ებრაელები საქართველოში
245 ## - TITLE STATEMENT
Statement of responsibility, etc. გამოსაც. მოამზადა და ბოლოსიტყვ. დაურთო ვ. ჩიქოვანმა. მხატვ. გ. ლომიძე
260 ## - PUBLICATION, DISTRIBUTION, ETC.
Place of publication, distribution, etc. თბილისი
260 ## - PUBLICATION, DISTRIBUTION, ETC.
Name of publisher, distributor, etc. მეცნიერება
260 ## - PUBLICATION, DISTRIBUTION, ETC.
Date of publication, distribution, etc. 1990
300 ## - PHYSICAL DESCRIPTION
Extent 96 გვ. ; 21 სმ.
653 ## - INDEX TERM--UNCONTROLLED
Uncontrolled term ისტორია
653 ## - INDEX TERM--UNCONTROLLED
Uncontrolled term ქართველი ებრაელები საქართველოში
653 ## - INDEX TERM--UNCONTROLLED
Uncontrolled term ქართველი ებრაელების ყოფა და ტრადიციები; ებრაელები საქართველოში
942 ## - ADDED ENTRY ELEMENTS (KOHA)
Koha item type წიგნი
ეგზემპლარები
Withdrawn status Lost status Damaged status Not for loan Date acquired Barcode Date last seen Price effective from Koha item type
        2018-12-17 28548 2018-12-17 2018-12-17 წიგნი